Responses for Show #5614 - Thursday, January 22, 2009

Matt Kohlstedt game 4.

Contestants

[<< previous game]

Chris Schleicher, a student from Winchester, Massachusetts

Luis Román, a public defender from New York, New York

Matt Kohlstedt, a graduate student originally from La Grange, Illinois (whose 3-day cash winnings total $49,801)

[next game >>]

Jeopardy! Round responses

GUITAR HERO
GRAND THEFT AUTO
WORLD OF WARCRAFT
ROCK BAND
HALF-LIFE
VIDEO GAMES
    $200 4
the Stratocaster

Luis
    $200 23
Honda

Matt
    $200 1
bolts

Matt
    $200 3
(Chris: What is below it?)

above it

Chris
Triple Stumper
    $200 11
a ticket

Matt
    $200 18
Pong

Matt
    $400 5
Stevie Ray Vaughan

Luis
    $400 24
red, white & blue

Chris
    $400 2
a tank

Luis
    $400 7
the Grand Canyon

Chris
    $400 12
50 percent

Chris
    $400 19
Pac-Man

Triple Stumper
    $600 6
a whammy bar

Chris
    $600 28
(Matt: What are S.U.V.s?)
(Luis: What are tractors?)
(Chris: What are trucks?)
(Alex: Be more specific.)
(Chris: What are flatbed trucks?)

pickups

MattLuisChris
Triple Stumper
    $1,200 25
(Chris: What is Boeing?)

Messerschmitt

Chris
    $600 8
the crust

Chris
    $600 13
paralysis

Matt
    $600 20
MIT

Matt
    $800 16
(Andres) Segovia

Luis
    $800 29
a chop shop

Chris
    $800 26
a pistol

Matt
    $800 9
strata

Luis
    $800 14
glace

Luis
    $800 21
Soylent Green

Luis
    $1000 17
(Jerry) Garcia

Chris
    $1000 30
a slim jim

Chris
    $1000 27
(Matt: What's a javelin?)

a pike

MattChris
    $1000 10
sedimentary

Matt
    $1000 15
(Matt: What is a bisecting angle?)
(Alex: Or bisector angle.)
[Matt's response was originally ruled correct, but the ruling was reversed during his interview.]

bisecting line

Matt
Triple Stumper
    $1000 22
Donkey Kong

Luis

Scores at the first commercial break (after clue 15):

Matt Luis Chris
$1,000 $2,600 $1,800

Scores at the end of the Jeopardy! Round:

Matt Luis Chris
$1,200 $4,600 $4,200

Double Jeopardy! Round responses

WORLD LITERATURE
JOHNNY'S CLASSIC TV THEME SONGS
(Alex: You have to name the country in...)
SECOND-LARGEST CITIES
WORLD OF DANCE
ODE ON A GRECIAN, EARNED
WATERY TERMS
    $400 12
The Idiot

Matt
    $400 7
All in the Family

Chris
    $400 1
(Luis: What is Germany?)

Sweden

LuisChris
    $400 2
the waltz

Chris
    $400 26
Plato

Matt
    $400 21
a wet nurse

Chris
    $800 13
guillotine

Luis
    $800 14
The Jeffersons

Luis
    $800 8
Iraq

Matt
    $1,600 3
the rumba

Chris
    $800 27
Euclid

Chris
    $800 22
Aquarius

Matt
    $1200 18
Cervantes

Chris
    $1200 15
Friends

Chris
    $1200 9
Poland

Triple Stumper
    $1200 4
(Luis: What is a jacket?)

the cape

MattLuis
    $1200 28
Arianna Huffington

Triple Stumper
    $1200 23
a rainbow

Chris
    $1600 19
Egypt

Triple Stumper
    $2,000 16
(Chris: What is Cheers?)

Welcome Back, Kotter

Chris
    $1600 10
Liberia

Matt
    $1600 5
a reel

Chris
    $1600 29
(Aristotle) Onassis

Luis
    $1600 24
a Lake Poet

Chris
    $2000 20
Strindberg

Chris
    $2000 17
The Dukes of Hazzard

Luis
    $2000 11
(Matt: What is Ukraine?)

Austria

Matt
Triple Stumper
    $2000 6
a wing

Luis
    $2000 30
Maria Callas

Matt
    $2000 25
an icebreaker

Luis

Scores at the end of the Double Jeopardy! Round:

Matt Luis Chris
$6,400 $12,200 $15,000

[wagering suggestions for these scores]

Final Jeopardy! Round responses

CELEBRITY MARRIAGES
(Alex: And it takes us to young, handsome, funny and very popular Chris Schleicher. What did you write down? "Who is Taylor?" No. The correct response--"Who is [*]?" Nicolas Cage was one of the husbands. Michael Jackson was husband number two. The choking maneuver.)
MattWho is Liv Tyler?
$799
LuisWho is Liv Tyler?
$8,800
ChrisWho is Taylor?
$9,401
Lisa Marie Presley

Final scores:

Matt Luis Chris
$5,601 $3,400 $5,599
4-day champion: $55,402 3rd place: $1,000 2nd place: $2,000

Game dynamics:

Coryat scores:

Matt Luis Chris
$6,400 $12,200 $17,400
15 R,
4 W
14 R,
3 W
21 R
(including 1 DD),
4 W
(including 2 DDs)

Combined Coryat: $36,000

[game clues] [game scores] [suggest correction]

Game tape date: 2008-11-12
The J! Archive is created by fans, for fans. Scraping, republication, monetization, and malicious use prohibited; this site may use cookies and collect identifying information. See terms. The Jeopardy! game show and all elements thereof, including but not limited to copyright and trademark thereto, are the property of Jeopardy Productions, Inc. and are protected under law. This website is not affiliated with, sponsored by, or operated by Jeopardy Productions, Inc. Join the discussion at JBoard.tv.